Statistics for Largest Cities in the World Beginning With 'Gu'

Click here to take the quiz!

General Stats

  • This quiz has been taken 24 times
  • The average score is 6 of 22

Answer Stats

#PopulationCountryAnswer% Correct
170,100,000ChinaGuangzhou
100%
43,350,000GuatemalaGuatemala City
100%
25,850,000MexicoGuadalajara
91%
53,300,000EcuadorGuayaquil
86%
35,050,000ChinaGuiyang
41%
63,150,000PakistanGujranwala
41%
71,760,000ChinaGuilin
23%
12556,842ChinaGuangyuan
18%
21267,810ChinaGuyuan
18%
81,220,000IndiaGuwahati
14%
14485,180ChinaGuang'an
9%
91,020,000ChinaGuigang
9%
19294,025ChinaGuixi
9%
16390,758PakistanGujrat
9%
15416,603South KoreaGumi
9%
20269,023South KoreaGunsan
9%
18340,206PhilippinesGuagua
5%
17387,070ChinaGuangshui
5%
22244,600VenezuelaGuarenas
5%
11652,210ChinaGuiping
5%
13543,147IndiaGulbarga
5%
10670,073IndiaGuntur
5%

Score Distribution

Percentile by Number Answered

Percent of People with Each Score

Your Score History

You have not taken this quiz